Textbook of pharmacology / (Record no. 2378)
[ view plain ]
| 000 -LEADER | |
|---|---|
| fixed length control field | 01397cam a2200421 a 4500 |
| 003 - CONTROL NUMBER IDENTIFIER | |
| control field | UkOxU |
| 005 - DATE AND TIME OF LATEST TRANSACTION | |
| control field | 20210709053601.0 |
| 008 - FIXED-LENGTH DATA ELEMENTS--GENERAL INFORMATION | |
| fixed length control field | 880808s1980 enka b 001 0 eng d |
| 020 ## - INTERNATIONAL STANDARD BOOK NUMBER | |
| International Standard Book Number | 0632099909 |
| 040 ## - CATALOGING SOURCE | |
| Transcribing agency | NLM |
| 050 1# - LIBRARY OF CONGRESS CALL NUMBER | |
| Classification number | RM300 |
| Item number | .B69 1980 |
| 060 #0 - NATIONAL LIBRARY OF MEDICINE CALL NUMBER | |
| Classification number | QV 4 B787t 1980 |
| 092 ## - LOCALLY ASSIGNED DEWEY CALL NUMBER (OCLC) | |
| Classification number | D0400165650 |
| 092 ## - LOCALLY ASSIGNED DEWEY CALL NUMBER (OCLC) | |
| Classification number | 10077694 |
| 100 1# - MAIN ENTRY--PERSONAL NAME | |
| Personal name | Bowman, W. C. |
| 245 10 - TITLE STATEMENT | |
| Title | Textbook of pharmacology / |
| Statement of responsibility, etc. | W.C. Bowman, M.J. Rand. |
| 250 ## - EDITION STATEMENT | |
| Edition statement | 2nd ed. |
| 260 ## - PUBLICATION, DISTRIBUTION, ETC. | |
| Place of publication, distribution, etc. | Oxford : |
| Name of publisher, distributor, etc. | Blackwell Scientific, |
| Date of publication, distribution, etc. | 1980. |
| 300 ## - PHYSICAL DESCRIPTION | |
| Extent | 1899 p. in various pagings : |
| Other physical details | ill., tables ; |
| Dimensions | 25 cm. |
| 504 ## - BIBLIOGRAPHY, ETC. NOTE | |
| Bibliography, etc. note | Includes bibliography: p. F. R. [1]-35 and index. |
| 650 #0 - SUBJECT ADDED ENTRY--TOPICAL TERM | |
| Topical term or geographic name entry element | Pharmacology. |
| 650 #2 - SUBJECT ADDED ENTRY--TOPICAL TERM | |
| Topical term or geographic name entry element | Pharmacology. |
| 700 1# - ADDED ENTRY--PERSONAL NAME | |
| Personal name | Rand, M. J. |
| 942 ## - ADDED ENTRY ELEMENTS (KOHA) | |
| Source of classification or shelving scheme | |
| Koha item type | Book |
| Suppress in OPAC | SO |
| Withdrawn status | Lost status | Source of classification or shelving scheme | Damaged status | Not for loan | Permanent Location | Current Location | Shelving location | Date acquired | Source of acquisition | Total Checkouts | Full call number | Barcode | Date last seen | Price effective from | Koha item type | Public note |
|---|---|---|---|---|---|---|---|---|---|---|---|---|---|---|---|---|
| AU LIBRARY | AU LIBRARY | Open Shelf | 15.07.2021 | DONATION FROM MOI UNIVERSITY | RM300 .B69 1980 | 28004037 | 15.07.2021 | 15.07.2021 | Book | SO |